Las MIPYMES en Latinoamérica, Tomo II.
| Main Author: | |
|---|---|
| Format: | Section = Libro |
| Language: | Undetermined Spanish |
| Published: |
México
Universidad de Guanajuato
2011
|
| Subjects: |
| LEADER | 00604nam a2200205Ia 4500 | ||
|---|---|---|---|
| 008 | 240829s9999 xx 000 0 und d | ||
| 020 | |a 968-607-441-177 | ||
| 040 | |a BIBLIOTECA-RUSB/ Ref 658.02 R333 | ||
| 041 | |a spa | ||
| 082 | |a Ref 658.02 R333 | ||
| 100 | 1 | |a Regalado Hernández, Rafael | |
| 245 | 1 | 0 | |a Las MIPYMES en Latinoamérica, Tomo II. |
| 260 | |a México |b Universidad de Guanajuato |c 2011 | ||
| 300 | |a 454 p. :il. | ||
| 650 | 7 | |a ADMINISTRACION DE EMPRESAS | |
| 650 | 7 | |b COMPETENCIA ECONÓMICA - MIPYMES | |
| 650 | 7 | |c PLANIFICACION EMPRESARIAL | |
| 942 | |c BK |2 ddc | ||
| 991 | |a TEXTO | ||
| 999 | |c 6214 | ||